01330nam a2200361 i 450000100060000000300080000600500170001400600190003100700150005000800410006502000270010603500220013304000310015505000240018608000110021008200150022110000320023624500500026826400570031830000580037533600310043333700330046433800430049750000220054058800830056259001620064565000210080765000150082865500270084379700180087085600630088899900170095152653FINmELB20241216232418.0m o d | cr cnu||||||||220205s2015 ag a o 001 0 spa d a9789505310845q(print) a(OCoLC)1298603715 aFINmELBbspaerdacFINmELB 4aGV1060.5bH452 2015 a796.4204a796.422231 aHdegüs, Jorge de,eautor.10aTécnicas atléticas /cJorge de Hegedüs. 1aBuenos Aires, Argentina :bEditorial Stadium,c2015. a1 recurso en línea (182 páginas) :bilustraciones atextobtxt2rdacontent/spa acomputadorabc2rdamedia/spa arecurso en líneabcr2rdacarrier/spa aIncluye índice. aDescripción basada en metadatos suministrados por el editor y otras fuentes. aRecurso electrónico. Santa Fe, Arg.: elibro, 2022. Disponible vía World Wide Web. El acceso puede estar limitado para las bibliotecas afiliadas a elibro. 0aTrack and field. 4aAtletismo. 4aLibros electrónicos.2 aelibro, Corp.40uhttps://elibro.net/ereader/politecnicointernacional/194805 c52653d52653